Vzájomné obchodné spory Európskej únie a USA diplomová práca

Na minha lista:
Detalhes bibliográficos
Autor principal: Zatlkaj, Matej
Autor Corporativo: Ekonomická univerzita v Bratislave. Fakulta medzinárodných vzťahov
Outros Autores: Hniličan, Vladimír
Formato: Livro
Idioma:eslovaco
Publicado em: Bratislava 2010
Tags: Adicionar Tag
Sem tags, seja o primeiro a adicionar uma tag!

MARC

LEADER 00000nam a2200000 4500
001 0122058
005 20240318123927.5
041 0 |a slo 
044 |a SK 
245 1 0 |a Vzájomné obchodné spory Európskej únie a USA  |b diplomová práca  |c Matej Zatlkaj ; škol. Vladimír Hniličan 
264 1 |a Bratislava  |c 2010 
300 |a 82 s. 
100 1 |a Zatlkaj, Matej 
700 1 |a Hniličan, Vladimír 
710 2 |a Ekonomická univerzita v Bratislave. Fakulta medzinárodných vzťahov